Normal view
MARC view
Entry Corporate Name
001 - CONTROL NUMBER
- control field: 48447
003 - CONTROL NUMBER IDENTIFIER
- control field: ARRUPE
005 - DATE AND TIME OF LATEST TRANSACTION
- control field: 20191017112050.0
008 - FIXED-LENGTH DATA ELEMENTS
- fixed length control field: 191017|| aca||aabn | a|a d
040 ## - CATALOGING SOURCE
- Original cataloging agency: ARRUPE
- Transcribing agency: ARRUPE
110 ## - HEADING--CORPORATE NAME
- Corporate name or jurisdiction name as entry element: General Agreement on Tariffs and Trade (Organization)
670 ## - SOURCE DATA FOUND
- Source citation: Work cat.: (ARRUPE)0: Das, Bhagirath Lal. 48446, An introduction to the WTO agreements /, c1998.